00405nam a2200157Ia 45000010006000000050017000060080041000230410008000640820015000721000025000872450077001122600009001893000033001986500008002316540008002391763520260306171531.0260306s9999||||xx |||||||||||||| ||und|| aESP a658.1bW42 aWeihrich, HeinzeAUT 0aAdministración:buna perspectiva global, empresarial y de innovación c2017 axxv, 646 páginas :c27 cm. aGEN aCAN